[Event "46th Rilton Cup 2016-17"]
[Site "Stockholm SWE"]
[Date "2017.01.01"]
[Round "5.2"]
[White "Sarkar, Justin"]
[Black "Neiksans, Arturs"]
[Result "1/2-1/2"]
[WhiteTitle "IM"]
[BlackTitle "GM"]
[WhiteElo "2415"]
[BlackElo "2631"]
[WhiteFideId "2010011"]
[BlackFideId "11601388"]
[EventDate "2016.12.27"]

1. d4 Nf6 2. c4 e6 3. Nc3 Bb4 4. Qc2 O-O 5. Nf3 d6 6. Bd2 Nbd7 7. a3 Bxc3 8.
Bxc3 Qe7 9. e3 b6 10. Be2 Bb7 11. O-O Ne4 12. Nd2 Nxc3 13. Qxc3 e5 14. d5 f5 15.
e4 fxe4 16. Nxe4 Nf6 17. Bd3 c6 18. dxc6 Bxc6 19. Rae1 Rac8 20. Qb3 Kh8 21. Nxf6
gxf6 22. Bf5 Rg8 23. f3 Bd7 24. Bxd7 Qxd7 25. Qd3 Qf7 26. b3 Qg6 27. Qxg6 hxg6
28. Rd1 Rgd8 29. Rd5 Kg7 30. Rfd1 Rc6 31. f4 exf4 32. h4 Re8 33. Kf2 f5 34. R1d3
Kh6 35. R5d4 Re4 36. Rxe4 fxe4 37. Rd4 b5 38. Rxe4 bxc4 39. Rxc4 Rxc4 40. bxc4
Kh5 41. Kf3 g5 42. hxg5 Kxg5 43. Ke4 Kg4 44. a4 a5 45. Kd5 Kg3 46. Ke4 Kg4 47.
Kd5 Kg3 48. Ke4 1/2-1/2

[Event "46th Rilton Cup 2016-17"]
[Site "Stockholm SWE"]
[Date "2017.01.01"]
[Round "5.3"]
[White "Ivanov, Sergey"]
[Black "Swapnil, S. Dhopade"]
[Result "0-1"]
[WhiteTitle "GM"]
[BlackTitle "GM"]
[WhiteElo "2545"]
[BlackElo "2526"]
[WhiteFideId "4101375"]
[BlackFideId "5019184"]
[EventDate "2016.12.27"]

1. Nf3 Nf6 2. c4 c5 3. Nc3 Nc6 4. e3 e6 5. d4 d5 6. a3 a6 7. dxc5 Bxc5 8. b4 Bd6
9. Bb2 O-O 10. cxd5 exd5 11. Be2 Be6 12. O-O Qe7 13. b5 Na5 14. Nd4 Nc4 15. Bxc4
dxc4 16. Qe2 Rac8 17. Nxe6 Qxe6 18. Rfd1 Be5 19. a4 Nd7 20. Rac1 Nc5 21. Ba3
Rfe8 22. Bxc5 Rxc5 23. g3 g6 24. e4 axb5 25. axb5 Bg7 26. Qe3 Rh5 27. h4 Bh6 28.
f4 Bg7 29. e5 f6 30. Nd5 Qh3 31. Re1 fxe5 32. Rxc4 Rd8 33. Ne7+ Kh8 34. b6 exf4
35. Qxf4 Rb5 36. Rce4 Rb2 37. Qf3 Qh2+ 38. Kf1 Qh3+ 39. Kg1 Rf8 40. Rf4 Qh2+ 41.
Kf1 Qh3+ 42. Kg1 Rxf4 0-1

[Event "46th Rilton Cup 2016-17"]
[Site "Stockholm SWE"]
[Date "2017.01.01"]
[Round "5.4"]
[White "Urkedal, Frode"]
[Black "Sasikiran, Krishnan"]
[Result "0-1"]
[WhiteTitle "GM"]
[BlackTitle "GM"]
[WhiteElo "2557"]
[BlackElo "2661"]
[WhiteFideId "1506102"]
[BlackFideId "5004985"]
[EventDate "2016.12.27"]

1. d4 d5 2. c4 c6 3. Nf3 Nf6 4. e3 Bf5 5. Nc3 e6 6. Nh4 Bg6 7. Nxg6 hxg6 8. Bd2
Nbd7 9. Be2 Bd6 10. g3 Qe7 11. Qb3 Rb8 12. O-O dxc4 13. Qxc4 e5 14. Bf3 Nb6 15.
Qd3 Rd8 16. Bg2 O-O 17. Rad1 Bc7 18. Rfe1 Rfe8 19. Qc2 e4 20. b4 Nbd5 21. Na4
Bd6 22. a3 Nh7 23. Rb1 a6 24. Rb3 Ng5 25. Nc5 Nf6 26. Qd1 Bxc5 27. bxc5 Qe6 28.
Rxb7 Qf5 29. Ba5 Rb8 30. Qb1 Rxb7 31. Qxb7 Nf3+ 32. Bxf3 exf3 33. Qxa6 Re6 34.
Qf1 g5 35. Rb1 Ne4 36. Rb8+ Kh7 37. Qb1 Qh3 38. Qf1 Qh5 39. h3 f5 40. Rf8 g4 41.
h4 Re8 42. Rxe8 Qxe8 43. Bc7 Qf7 44. Ba5 Qa2 45. Bb4 Kh6 46. d5 Qxd5 47. Qb1 Qc4
48. Qb2 Qd3 49. Be1 Qd1 50. Kf1 Kh7 51. Qa2 Qd3+ 52. Kg1 Qd1 53. Kf1 Nxc5 54.
Qd2 Qb3 55. Qd4 Qxa3 56. Qe5 Qd3+ 57. Kg1 Qb1 58. Kh2 Nd7 59. Qa5 Qb5 0-1

[Event "46th Rilton Cup 2016-17"]
[Site "Stockholm SWE"]
[Date "2017.01.01"]
[Round "5.5"]
[White "Kravtsiv, Martyn"]
[Black "Kulaots, Kaido"]
[Result "1/2-1/2"]
[WhiteTitle "GM"]
[BlackTitle "GM"]
[WhiteElo "2645"]
[BlackElo "2556"]
[WhiteFideId "14113147"]
[BlackFideId "4500261"]
[EventDate "2016.12.27"]

1. e4 c5 2. Nf3 d6 3. Bb5+ Bd7 4. Bxd7+ Qxd7 5. c4 Nf6 6. Nc3 g6 7. d4 cxd4 8.
Nxd4 Bg7 9. f3 O-O 10. Be3 Nc6 11. O-O a6 12. a4 e6 13. Nxc6 bxc6 14. a5 Qe7 15.
Qd2 d5 16. exd5 cxd5 17. cxd5 Rfd8 18. Bg5 exd5 19. Na4 d4 20. Rfe1 Qd6 21. Nb6
Ra7 22. Rec1 Qe5 23. Rc6 Re7 24. Nc4 Qf5 25. Qf4 Qxf4 26. Bxf4 Re6 27. Rxe6 fxe6
28. Re1 Nd5 29. Bd2 Kf7 30. Bg5 Rd7 31. Kf1 h6 32. Bd2 Rc7 33. Rc1 e5 34. Ke2
Ke6 35. Kd3 Rb7 36. Re1 g5 37. Rb1 Rb3+ 38. Kc2 Rb5 39. Re1 Ne7 40. g3 Nc6 41.
Na3 Rb7 42. Nc4 Bf6 43. f4 e4 44. f5+ Kd5 45. Nb6+ Ke5 46. Nc4+ Kd5 47. Nb6+ Ke5 1/2-1/2

[Event "46th Rilton Cup 2016-17"]
[Site "Stockholm SWE"]
[Date "2017.01.01"]
[Round "5.6"]
[White "Goganov, Aleksey"]
[Black "Shyam, Sundar M."]
[Result "1/2-1/2"]
[WhiteTitle "GM"]
[BlackTitle "GM"]
[WhiteElo "2637"]
[BlackElo "2532"]
[WhiteFideId "24109959"]
[BlackFideId "5019141"]
[EventDate "2016.12.27"]

1. Nf3 d5 2. g3 Bg4 3. Bg2 Nd7 4. h3 Bxf3 5. Bxf3 c6 6. O-O Ngf6 7. d3 e6 8. e4
Bd6 9. Nd2 h5 10. d4 dxe4 11. Nxe4 Nxe4 12. Bxe4 Qc7 13. c4 Rd8 14. Bg5 Be7 15.
Be3 Nf6 16. Bg2 O-O 17. Qb3 Rd7 18. Rad1 Rfd8 19. Rd3 c5 20. Rfd1 b6 21. Bf4 Bd6
22. Bg5 cxd4 23. Rxd4 Bc5 24. Rxd7 Rxd7 25. Rxd7 Qxd7 26. Qf3 Qd4 27. Qe2 Ne8
28. Bf3 Nd6 29. Bxh5 Nxc4 30. b3 Ne5 31. Be3 Qc3 1/2-1/2

[Event "46th Rilton Cup 2016-17"]
[Site "Stockholm SWE"]
[Date "2017.01.01"]
[Round "5.7"]
[White "Pavlovic, Milos"]
[Black "Volkov, Sergey"]
[Result "0-1"]
[WhiteTitle "GM"]
[BlackTitle "GM"]
[WhiteElo "2500"]
[BlackElo "2624"]
[WhiteFideId "900389"]
[BlackFideId "4122763"]
[EventDate "2016.12.27"]

1. d4 d5 2. Nf3 Nf6 3. Bf4 c5 4. e3 Nc6 5. Nbd2 Nh5 6. Be5 f6 7. Bg3 cxd4 8.
exd4 g6 9. c4 Be6 10. Be2 Bh6 11. Nb1 dxc4 12. Nc3 Qb6 13. O-O Nxg3 14. hxg3
O-O-O 15. d5 Qxb2 16. Qe1 Bxd5 17. Nxd5 Rxd5 18. Bxc4 Rd6 19. Qe4 f5 20. Qh4 Bg7
21. Rab1 Qf6 22. Qf4 e5 23. Qe3 e4 24. Ng5 Re8 25. Nf7 Rd7 26. Rfc1 Qd4 27. Qb3
e3 28. Ba6 exf2+ 29. Kh2 Qb6 30. Qxb6 axb6 31. Rxc6+ Kb8 32. Rcxb6 Ree7 33. Nd6
Bd4 34. Rc6 Re1 35. Rb4 Be5 36. Nxb7 Rd4 37. Nd6+ Rxb4 0-1

[Event "46th Rilton Cup 2016-17"]
[Site "Stockholm SWE"]
[Date "2017.01.01"]
[Round "5.8"]
[White "Postny, Evgeny"]
[Black "Hillarp Persson, Tiger"]
[Result "1-0"]
[WhiteTitle "GM"]
[BlackTitle "GM"]
[WhiteElo "2620"]
[BlackElo "2511"]
[WhiteFideId "2804344"]
[BlackFideId "1700812"]
[EventDate "2016.12.27"]

1. d4 d5 2. c4 dxc4 3. Nf3 Nf6 4. e3 b5 5. a4 b4 6. Bxc4 e6 7. O-O Be7 8. Nbd2
O-O 9. b3 Bb7 10. Bb2 Nbd7 11. Qe2 c5 12. Ba6 Bxa6 13. Qxa6 Qb6 14. Qxb6 Nxb6
15. dxc5 Bxc5 16. Rfc1 Rfc8 17. a5 Nbd5 18. Rc4 Bf8 19. Rac1 Rxc4 20. Rxc4 Nc3
21. Kf1 h6 22. Nd4 Rd8 23. Bxc3 bxc3 24. N2f3 Nd5 25. Ke2 Rb8 26. Kd3 g5 27. Ne5
Bg7 28. Nec6 Rb7 29. Kc2 Bxd4 30. Nxd4 f5 31. Nxe6 Rb5 32. Rc5 1-0

[Event "46th Rilton Cup 2016-17"]
[Site "Stockholm SWE"]
[Date "2017.01.01"]
[Round "5.9"]
[White "Antipov, Mikhail Al."]
[Black "Cruz Lledo, Pablo"]
[Result "1/2-1/2"]
[WhiteTitle "GM"]
[BlackTitle "FM"]
[WhiteElo "2580"]
[BlackElo "2415"]
[WhiteFideId "4107012"]
[BlackFideId "2297361"]
[EventDate "2016.12.27"]

1. e4 c6 2. d4 d5 3. e5 c5 4. dxc5 e6 5. a3 Nc6 6. Nf3 Bxc5 7. b4 Bb6 8. Bb2
Nge7 9. Bd3 Ng6 10. g3 f6 11. exf6 gxf6 12. Ng5 d4 13. Nf3 e5 14. Nh4 Qd5 15.
Rg1 Be6 16. c4 dxc3 17. Nxc3 Qd4 18. Qc2 Nxh4 19. gxh4 O-O-O 20. Be4 Qxf2+ 21.
Qxf2 Bxf2+ 22. Kxf2 Rd2+ 23. Ke1 Rxb2 24. Na4 Rxh2 25. Rc1 Kb8 26. Nc5 Nd4 27.
Rg7 Bc8 28. Kf1 Rxh4 29. Bg2 Rg4 30. Nd7+ Bxd7 31. Rxd7 Rf4+ 32. Ke1 Nf3+ 33.
Ke2 Rc8 34. Rxc8+ Kxc8 35. Rxh7 Nd4+ 36. Kd3 b5 37. Rxa7 Rf2 38. Bd5 f5 39. Re7
Re2 40. Be6+ Kb8 1/2-1/2

[Event "46th Rilton Cup 2016-17"]
[Site "Stockholm SWE"]
[Date "2017.01.01"]
[Round "5.10"]
[White "Salomon, Johan"]
[Black "Blomqvist, Erik"]
[Result "0-1"]
[WhiteTitle "IM"]
[BlackTitle "GM"]
[WhiteElo "2470"]
[BlackElo "2567"]
[WhiteFideId "1509500"]
[BlackFideId "1709437"]
[EventDate "2016.12.27"]

1. d4 d5 2. c4 c6 3. Nf3 Nf6 4. Nc3 dxc4 5. a4 Bf5 6. e3 e6 7. Bxc4 Bb4 8. O-O
Nbd7 9. Qe2 Bg6 10. h3 O-O 11. Rd1 Qa5 12. Nh4 e5 13. Nxg6 hxg6 14. Bd2 exd4 15.
exd4 Nb6 16. Bb3 Rad8 17. Qe5 Nbd5 18. Qg3 Ne7 19. Qe5 Qb6 20. a5 Qxd4 21. Qxd4
Rxd4 22. a6 bxa6 23. Be3 Rxd1+ 24. Rxd1 Rb8 25. Bc4 a5 26. Bxa7 Ra8 27. Bd4 Kf8
28. Be5 a4 29. Ra1 Nd7 30. Bc7 Rc8 31. Bh2 Nb6 32. Be2 a3 33. Nd1 Ra8 34. bxa3
Rxa3 35. Rb1 Nbd5 36. Be5 f6 37. Bb2 Ra8 38. Rc1 Ke8 39. h4 Bd6 40. g3 Kd7 41.
Kf1 Ra4 42. Bd3 Be5 43. Bxe5 fxe5 44. Nb2 Rd4 45. Be2 Ke6 46. Nc4 Nb4 47. Ra1
Nf5 48. Ra8 Nd6 49. Nxd6 Rxd6 50. Re8+ Kf6 51. g4 Nd5 52. g5+ Kf5 53. Rf8+ Ke6
54. Re8+ Ne7 55. h5 gxh5 56. Bxh5 Rd4 57. f3 c5 58. Rb8 c4 59. Bg4+ Kd6 60. Rb6+
Kc5 61. Rb7 Nd5 62. Ke2 g6 63. Rb8 c3 64. Rc8+ Kb4 65. Ke1 Nf4 66. Rc7 Kb3 67.
Rb7+ Kc2 68. Bd7 Kd3 69. Bb5+ Ke3 70. Rc7 Nd5 71. Rc5 Rb4 72. Kd1 Kd4 0-1

[Event "46th Rilton Cup 2016-17"]
[Site "Stockholm SWE"]
[Date "2017.01.01"]
[Round "5.11"]
[White "Bluebaum, Matthias"]
[Black "Bellia, Fabrizio"]
[Result "1-0"]
[WhiteTitle "GM"]
[BlackTitle "IM"]
[WhiteElo "2640"]
[BlackElo "2433"]
[WhiteFideId "24651516"]
[BlackFideId "800511"]
[EventDate "2016.12.27"]

1. Nf3 d5 2. g3 Nf6 3. Bg2 c5 4. O-O e6 5. c4 Nc6 6. cxd5 Nxd5 7. d4 cxd4 8.
Nxd4 Ndb4 9. Nxc6 Nxc6 10. Nc3 Bd7 11. Be3 Be7 12. Ne4 O-O 13. Nc5 Bxc5 14. Bxc5
Re8 15. b4 a6 16. a4 e5 17. Rc1 Bg4 18. h3 Qxd1 19. Rfxd1 Bxe2 20. Rd2 Nd4 21.
Bxd4 exd4 22. Rxd4 Rab8 23. Rc7 b5 24. Bd5 Red8 25. Bxf7+ Kf8 26. Rf4 g5 27. Rf5 1-0

[Event "46th Rilton Cup 2016-17"]
[Site "Stockholm SWE"]
[Date "2017.01.01"]
[Round "5.12"]
[White "Grunberg, Mihai-Lucian"]
[Black "Sevian, Samuel"]
[Result "1-0"]
[WhiteTitle "IM"]
[BlackTitle "GM"]
[WhiteElo "2389"]
[BlackElo "2603"]
[WhiteFideId "1204149"]
[BlackFideId "2040506"]
[EventDate "2016.12.27"]

1. Nf3 d5 2. g3 c6 3. Bg2 Bg4 4. c4 e6 5. O-O Nd7 6. cxd5 exd5 7. d3 Ngf6 8. Qb3
Qb6 9. Qc2 Qc5 10. Qb3 Qb6 11. Qc2 Bd6 12. Nc3 O-O 13. e4 dxe4 14. dxe4 Ne5 15.
Nxe5 Bxe5 16. h3 Be6 17. Be3 Qa5 18. Ne2 Qb5 19. Nc3 Qc4 20. Rfd1 Rfe8 21. Rd3
Rad8 22. Rad1 Rxd3 23. Rxd3 Qa6 24. b3 h5 25. Na4 b6 26. f4 Bb8 27. Qd2 Qb7 28.
Nc3 Qe7 29. e5 Nd5 30. Nxd5 cxd5 31. h4 Bf5 32. Rxd5 Rc8 33. Bf1 g6 34. Bd3 Be6
35. Rd4 Bc7 36. Ba6 Rb8 37. Bb5 Kg7 38. Kf2 Rd8 39. Rxd8 Bxd8 40. Qd6 Qxd6 41.
exd6 f6 42. Be8 Bf7 43. Bd7 Bd5 44. f5 Be4 45. fxg6 Bxg6 46. Kf3 Bb1 47. a3 Kf7
48. g4 hxg4+ 49. Kxg4 Bc2 50. h5 f5+ 51. Kf4 Bxb3 52. Bxf5 Kg7 53. Bg6 Be6 54.
Bd4+ Kh6 55. Ke5 Bg4 56. Be3+ Kg7 57. Be8 Bf6+ 58. Ke4 Kf8 59. d7 Ke7 60. h6 Bd1
61. Kd3 Bg4 62. Ke4 Bd1 63. Bf4 Ke6 64. Kd3 Bg4 65. Bc7 Bf5+ 66. Kc4 Be4 67.
d8=Q Bxd8 68. Bxd8 Ke5 69. Bf7 Bh7 70. Kb5 Bd3+ 71. Bc4 Bh7 72. Kb4 Kd4 73. Bf6+
Ke3 74. Kc3 Bg6 75. Bg5+ Kf3 76. Bd3 1-0

[Event "46th Rilton Cup 2016-17"]
[Site "Stockholm SWE"]
[Date "2017.01.01"]
[Round "5.13"]
[White "Wallace, John Paul"]
[Black "Tikkanen, Hans"]
[Result "1/2-1/2"]
[WhiteTitle "IM"]
[BlackTitle "GM"]
[WhiteElo "2387"]
[BlackElo "2531"]
[WhiteFideId "3200957"]
[BlackFideId "1706446"]
[EventDate "2016.12.27"]

1. Nf3 d5 2. g3 c5 3. Bg2 Nc6 4. d4 e6 5. O-O Nf6 6. b3 cxd4 7. Nxd4 Bd7 8. c4
dxc4 9. bxc4 Nxd4 10. Qxd4 Bc6 11. Bxc6+ bxc6 12. Qxd8+ Rxd8 13. Nd2 a5 14. Kg2
Bb4 15. Nf3 Ne4 16. Be3 Bc5 17. Bxc5 Nxc5 18. Rab1 f6 19. Rb6 Rd6 20. Rb8+ Rd8
21. Rb6 Rd6 22. Rb8+ Rd8 23. Rb6 Rd6 1/2-1/2

[Event "46th Rilton Cup 2016-17"]
[Site "Stockholm SWE"]
[Date "2017.01.01"]
[Round "5.14"]
[White "Bromberger, Stefan"]
[Black "Nihal, Sarin"]
[Result "0-1"]
[WhiteTitle "GM"]
[BlackTitle "FM"]
[WhiteElo "2525"]
[BlackElo "2340"]
[WhiteFideId "4635248"]
[BlackFideId "25092340"]
[EventDate "2016.12.27"]

1. d4 Nf6 2. c4 e6 3. Nc3 Bb4 4. e3 b6 5. Ne2 Ba6 6. Ng3 h5 7. h4 Bb7 8. Bd3 c5
9. d5 exd5 10. cxd5 Nxd5 11. Bd2 Bxc3 12. bxc3 g6 13. e4 Ne7 14. O-O Nbc6 15.
Bf4 d6 16. Bb5 Qd7 17. Qxd6 Qxd6 18. Bxd6 O-O-O 19. Rfd1 Rd7 20. e5 Rhd8 21. Ne4
a6 22. Bxc6 Bxc6 23. Nf6 Rb7 24. g3 Ng8 25. Nh7 f6 26. Nf8 fxe5 27. Ne6 Re8 28.
Ng5 Rd7 29. f4 e4 30. Be5 Rd3 31. Rxd3 exd3 32. c4 Ba4 33. Ne4 Rd8 34. Nd2 Nh6
35. Kf2 Ng4+ 36. Kf3 Bc6+ 0-1

[Event "46th Rilton Cup 2016-17"]
[Site "Stockholm SWE"]
[Date "2017.01.01"]
[Round "5.15"]
[White "Liang, Awonder"]
[Black "Von Bahr, Oskar"]
[Result "1-0"]
[WhiteTitle "IM"]
[BlackTitle "FM"]
[WhiteElo "2495"]
[BlackElo "2357"]
[WhiteFideId "2056437"]
[BlackFideId "1703250"]
[EventDate "2016.12.27"]

1. e4 c5 2. Nf3 d6 3. Bb5+ Nc6 4. O-O Bd7 5. Re1 Nf6 6. c3 a6 7. Bf1 Bg4 8. h3
Bxf3 9. Qxf3 e6 10. Qd1 Be7 11. d4 cxd4 12. cxd4 d5 13. e5 Nd7 14. Qg4 g6 15.
Be3 h5 16. Qg3 Bh4 17. Qf3 Bg5 18. Nc3 Qe7 19. Bd3 Nb4 20. Bb1 Nb6 21. a3 Nc6
22. Bd3 Na5 23. Qg3 Bh6 24. Ne2 Nac4 25. Bxh6 Rxh6 26. b3 Na5 27. Qe3 Rh8 28.
Qd2 Nxb3 29. Qb2 Nxa1 30. Qxb6 Qxa3 31. Qxb7 Rd8 32. Nf4 Rg8 33. Re3 Qc1+ 34.
Kh2 Rd7 35. Qxa6 Kf8 36. Nxh5 gxh5 37. Qa8+ Ke7 38. Qxg8 Rd8 39. Qg5+ Kd7 40.
Qf6 Qc6 41. Bb5 Qxb5 42. Qxf7+ 1-0

[Event "46th Rilton Cup 2016-17"]
[Site "Stockholm SWE"]
[Date "2017.01.01"]
[Round "5.16"]
[White "Zumsande, Martin"]
[Black "Larson, Matthew W"]
[Result "1-0"]
[WhiteTitle "IM"]
[BlackTitle "FM"]
[WhiteElo "2485"]
[BlackElo "2330"]
[WhiteFideId "4651324"]
[BlackFideId "2077990"]
[EventDate "2016.12.27"]

1. e4 e5 2. Nf3 Nc6 3. Bc4 Nf6 4. d3 Bc5 5. O-O d6 6. c3 O-O 7. b4 Bb6 8. a4 a6
9. Nbd2 Re8 10. Qb3 Qe7 11. Re1 Nd8 12. d4 c6 13. Ba3 Qc7 14. b5 exd4 15. Bxd6
Qxd6 16. e5 Rxe5 17. Rxe5 axb5 18. Rae1 Ne6 19. axb5 dxc3 20. Ne4 Nxe4 21. R5xe4
Qc5 22. bxc6 Qxf2+ 23. Kh1 bxc6 24. Qxc3 h6 25. h3 Qc5 26. Qb3 Bc7 27. Ne5 Ra3
28. Qc2 Ba5 29. Rf1 Rc3 30. Qa2 Ra3 31. Qe2 Ng5 32. Nxf7 Nxf7 33. Re8+ Kh7 34.
Bd3+ 1-0

[Event "46th Rilton Cup 2016-17"]
[Site "Stockholm SWE"]
[Date "2017.01.01"]
[Round "5.17"]
[White "Ornstein, Axel"]
[Black "Westerberg, Jonathan"]
[Result "1/2-1/2"]
[WhiteTitle "IM"]
[BlackTitle "IM"]
[WhiteElo "2338"]
[BlackElo "2483"]
[WhiteFideId "1700111"]
[BlackFideId "1701754"]
[EventDate "2016.12.27"]

1. d4 Nf6 2. c4 e6 3. Nc3 Bb4 4. e3 O-O 5. Bd3 d5 6. Nf3 b6 7. O-O Ba6 8. Qe2
Bxc3 9. bxc3 Nc6 10. cxd5 Bxd3 11. Qxd3 exd5 12. c4 Na5 13. cxd5 Qxd5 14. Bd2
Nc4 15. Rfc1 Nxd2 16. Qxd2 Ne4 17. Qc2 c5 18. dxc5 Nxc5 19. Rd1 Qe6 20. Nd4 Qf6
21. Qf5 Qxf5 22. Nxf5 Rfd8 23. f3 g6 24. Nd4 Rac8 25. Kf2 Na4 26. Rdc1 Nc3 27.
a4 Rc5 28. Ke1 Rdc8 29. Kd2 a6 30. Rc2 Kf8 31. Rb2 Nd5 32. e4 Ne7 33. Ra3 Nc6
34. Nxc6 R8xc6 35. Rab3 Rd6+ 36. Ke3 Rcc6 37. f4 Rc4 38. e5 Rdd4 39. g3 g5 40.
fxg5 1/2-1/2

[Event "46th Rilton Cup 2016-17"]
[Site "Stockholm SWE"]
[Date "2017.01.01"]
[Round "5.18"]
[White "Akesson, Ralf"]
[Black "Nielsen, Hogni Egilstoft"]
[Result "1-0"]
[WhiteTitle "GM"]
[BlackTitle "FM"]
[WhiteElo "2417"]
[BlackElo "2262"]
[WhiteFideId "1700120"]
[BlackFideId "7200404"]
[EventDate "2016.12.27"]

1. d4 d5 2. c4 c6 3. Nf3 Nf6 4. e3 e6 5. Bd3 Nbd7 6. b3 Bd6 7. Bb2 b6 8. Nbd2
Bb7 9. O-O O-O 10. Qe2 c5 11. cxd5 exd5 12. Ne5 Re8 13. Nxd7 Nxd7 14. Qh5 Nf6
15. Qh4 Ne4 16. Qxd8 Rexd8 17. Nf3 a5 18. Bb5 a4 19. dxc5 a3 20. Bxg7 bxc5 21.
Be5 Bxe5 22. Nxe5 Nc3 23. Bd3 Ba6 24. Rfc1 d4 25. Rc2 f6 26. Nc4 Nd5 27. exd4
Nb4 28. Rd2 Rxd4 29. Rad1 Rad8 30. Bb1 Bxc4 31. Rxd4 Rxd4 32. Rxd4 cxd4 33. bxc4
Kf7 34. g4 Ke6 35. f4 Kd6 36. Kf2 Kc5 37. g5 fxg5 38. fxg5 Kxc4 39. Bxh7 Kc3 40.
g6 Nd3+ 41. Kf1 1-0

[Event "46th Rilton Cup 2016-17"]
[Site "Stockholm SWE"]
[Date "2017.01.01"]
[Round "5.19"]
[White "Ziegler, Ari"]
[Black "Sagit, Rauan"]
[Result "1/2-1/2"]
[WhiteTitle "IM"]
[BlackTitle "IM"]
[WhiteElo "2299"]
[BlackElo "2417"]
[WhiteFideId "1700987"]
[BlackFideId "1708376"]
[EventDate "2016.12.27"]

1. d4 f5 2. Bg5 g6 3. Nd2 Bg7 4. e3 Nf6 5. h4 h6 6. Bxf6 Bxf6 7. Bd3 e6 8. g4 d5
9. Ne2 Nc6 10. Nf4 Ne7 11. gxf5 exf5 12. Rg1 Rg8 13. Nf3 Qd6 14. c3 Bd7 15. Qc2
O-O-O 16. O-O-O Kb8 17. Rg2 Rg7 18. Rh1 Rdg8 19. h5 g5 20. Ng6 Nxg6 21. hxg6 g4
22. Nd2 Qe6 23. Rxh6 Rxg6 24. Rxg6 Rxg6 25. Nf1 Bh4 26. Kd2 Rh6 27. Ng3 Bxg3 28.
fxg3 Rh3 29. Qb1 a6 30. Qf1 Qb6 31. b4 Rh5 32. a4 a5 33. b5 Qd6 34. Qf4 Qa3 35.
Bc2 Rh1 36. b6 Qc1+ 37. Kd3 Qf1+ 38. Qxf1 Rxf1 39. bxc7+ Kxc7 40. c4 dxc4+ 41.
Kxc4 Rf3 42. Kd3 Bc6 43. Kd2 Be4 44. Bd3 Bxd3 45. Kxd3 Kd6 46. Rg1 Ke6 47. Ke2
Kd5 1/2-1/2

[Event "46th Rilton Cup 2016-17"]
[Site "Stockholm SWE"]
[Date "2017.01.01"]
[Round "5.20"]
[White "Babikov, Ivan"]
[Black "Houska, Jovanka"]
[Result "0-1"]
[WhiteTitle "FM"]
[BlackTitle "IM"]
[WhiteElo "2259"]
[BlackElo "2397"]
[WhiteFideId "4161106"]
[BlackFideId "405094"]
[EventDate "2016.12.27"]

1. e4 c6 2. d4 d5 3. exd5 cxd5 4. c4 Nf6 5. Nc3 Nc6 6. Bg5 Ne4 7. Nxe4 dxe4 8.
d5 Ne5 9. Qd4 f6 10. Qxe4 Qb6 11. Bd2 Qxb2 12. Rb1 Qxa2 13. Rd1 g6 14. f4 Bf5
15. Qd4 Nd7 16. Nf3 Qa3 17. Be2 e5 18. fxe5 fxe5 19. Qc3 Qxc3 20. Bxc3 Bd6 21.
O-O O-O 22. Ng5 Nf6 23. Kh1 Rac8 24. Ne6 Bxe6 25. dxe6 Ne4 26. Be1 Rxf1+ 27.
Bxf1 Rd8 28. Be2 Be7 29. Ra1 a6 30. Bf3 Rd4 31. Rc1 b6 32. h3 Kg7 33. Kg1 Bc5
34. Kf1 Kf6 35. Bc3 Nxc3 36. Rxc3 e4 37. Be2 Kxe6 38. Rc2 a5 39. Ra2 h5 40. h4
Ke5 41. g3 Rd6 42. Kg2 Rf6 43. Bd1 Kd4 44. g4 hxg4 45. Kg3 Kxc4 46. Kxg4 e3 47.
Bf3 Bd6 48. Ra4+ Kd3 49. Be4+ Kc3 50. Bf3 b5 0-1

[Event "46th Rilton Cup 2016-17"]
[Site "Stockholm SWE"]
[Date "2017.01.01"]
[Round "5.21"]
[White "Cramling, Pia"]
[Black "Sankalp, Gupta"]
[Result "1/2-1/2"]
[WhiteTitle "GM"]
[WhiteElo "2453"]
[BlackElo "2093"]
[WhiteFideId "1700030"]
[BlackFideId "5097010"]
[EventDate "2016.12.27"]

1. Nf3 g6 2. e4 c5 3. c4 Bg7 4. d4 cxd4 5. Nxd4 Nc6 6. Be3 Nf6 7. Nc3 O-O 8. Be2
b6 9. O-O Bb7 10. f3 e6 11. Qd2 Qe7 12. Rfd1 Ne8 13. Bf1 f5 14. Re1 fxe4 15.
Nxe4 Nxd4 16. Bxd4 Bxd4+ 17. Qxd4 Bxe4 18. Rxe4 Rc8 19. Rd1 Qc5 20. Re5 Qxd4+
21. Rxd4 Rc7 22. b4 Kf7 23. Kf2 Ke7 24. Re3 Nd6 25. Rh4 h5 26. Bd3 Nf5 27. Bxf5
Rxf5 28. Rd4 a5 29. a3 axb4 30. axb4 Ra7 31. h4 Ra4 32. Red3 Rxb4 33. Rxd7+ Kf6
34. R3d4 Rb2+ 35. Kg3 g5 36. Kh3 gxh4 37. Rxh4 Rg5 38. Rf4+ Kg6 39. g3 Rf5 40.
Rxf5 Kxf5 41. Rb7 1/2-1/2

[Event "46th Rilton Cup 2016-17"]
[Site "Stockholm SWE"]
[Date "2017.01.01"]
[Round "5.23"]
[White "Bracker, Frank"]
[Black "Hejazipour, Mitra"]
[Result "1-0"]
[WhiteTitle "IM"]
[BlackTitle "WGM"]
[WhiteElo "2435"]
[BlackElo "2307"]
[WhiteFideId "24614343"]
[BlackFideId "12505951"]
[EventDate "2016.12.27"]

1. e4 c5 2. Nf3 d6 3. d4 cxd4 4. Nxd4 Nf6 5. Nc3 a6 6. Be3 e5 7. Nb3 Be6 8. f4
exf4 9. Bxf4 Nc6 10. Qe2 Rc8 11. h3 Be7 12. O-O-O Bxb3 13. cxb3 Qa5 14. Kb1 O-O
15. g4 Rfe8 16. Bg2 Ne5 17. g5 Nfd7 18. Nd5 Bf8 19. h4 Rc6 20. Bd2 Qd8 21. h5
Be7 22. Qe3 Nc5 23. Qg3 Ne6 24. g6 Bg5 25. gxh7+ Kh8 26. Bc3 Nc5 27. Rhg1 Bh6
28. Bh1 Qd7 29. Nf6 Qe6 30. Nxe8 Qxe8 31. Rxd6 Rxd6 32. Bxe5 Rd3 33. Bxg7+ Kxh7
34. Qg4 Qe6 35. Qxe6 fxe6 36. Bc3 Be3 37. Rf1 Bd4 38. Bb4 e5 39. Bf3 Ne6 40. Bg4
Nf4 41. Bf5+ Kh8 42. h6 Rg3 43. Rc1 Ng6 44. Bd2 Ne7 45. Be6 Rg2 46. Rd1 Rg6 47.
Bf5 Nxf5 48. exf5 Rf6 49. Rf1 e4 50. Rf4 Rxh6 51. Rxe4 Rh1+ 52. Kc2 Bf6 53. Re6
Kg7 54. Rb6 Rh2 55. Rxb7+ Kg8 56. Rb6 1-0